[Event "Ruhrgebiet VL1 0001"]
[Site "Ruhrgebiet"]
[Date "2000.09.17"]
[Round "1"]
[White "Alperovych, Yakiv"]
[Black "Wiechen, Ulrich"]
[Result "0-1"]
[WhiteElo "1948"]
[BlackElo "2026"]
[PlyCount "74"]
[EventDate "2000.09.17"]
[EventType "team-tourn"]
[EventRounds "9"]
[EventCountry "GER"]
[SourceTitle "EXT 2023"]
[Source "ChessBase"]
[SourceDate "2022.10.05"]
[SourceVersion "1"]
[SourceVersionDate "2022.10.05"]
[SourceQuality "1"]
[WhiteTeam "Dortmund Kleiner Koenig"]
[BlackTeam "Buer Hassel"]
[WhiteTeamCountry "GER"]
[BlackTeamCountry "GER"]

1. e4 e5 2. Nf3 Nc6 3. d4 exd4 4. Bc4 Nf6 5. 0-0 Nxe4 6. Re1 d5 7. Bxd5 Qxd5 8. Nc3 Qa5 9. Nxe4 Be6 10. Neg5 0-0-0 11. Nxe6 fxe6 12. Rxe6 Bd6 13. Qe2 Kd7 14. Bg5 Rde8 15. Re1 Qxe1+ 16. Qxe1 Rxe6 17. Qd1 Rhe8 18. g3 h6 19. Bd2 g5 20. c3 dxc3 21. Bxc3 Kc8 22. Qd5 Be5 23. Nxe5 Nxe5 24. Kg2 Kb8 25. h3 a6 26. Qd1 Rf8 27. Qd5 Rfe8 28. Qd1 Nc4 29. Qh5 R8e7 30. Bb4 Nd6 31. h4 gxh4 32. Qxh4 Nf5 33. Qg4 Nd6 34. Qd4 Re4 35. Qd2 R7e6 36. Qc3 b6 37. Qd3 Rxb4 0-1